MARC details
| 000 -CABECERA |
| campo de control de longitud fija |
01809nam a2200205 a 4500 |
| 001 - NÚMERO DE CONTROL |
| campo de control |
000038405 |
| 005 - FECHA Y HORA DE LA ÚLTIMA TRANSACCIÓN |
| campo de control |
20250204085707.0 |
| 008 - DATOS DE LONGITUD FIJA--INFORMACIÓN GENERAL |
| campo de control de longitud fija |
130410s2009 dr abd 000 0 spa d |
| 020 ## - NÚMERO INTERNACIONAL ESTÁNDAR DEL LIBRO |
| Número Internacional Estándar del Libro |
9789993499695 |
| 040 ## - FUENTE DE LA CATALOGACIÓN |
| Centro catalogador/agencia de origen |
DO-SdBNP |
| Lengua de catalogación |
spa |
| Centro/agencia transcriptor |
BNPHU |
| 041 17 - CÓDIGO DE LENGUA |
| Código de lengua del texto/banda sonora o título independiente |
spa |
| Código de lengua del sumario o resumen |
eng |
| 110 1# - ENTRADA PRINCIPAL--NOMBRE DE ENTIDAD CORPORATIVA |
| Nombre de entidad corporativa o nombre de jurisdicción como elemento de entrada |
República Dominicana. |
| Unidad subordinada |
Secretaría de Estado de Medio Ambiente y Recursos Naturales |
| 9 (RLIN) |
14503 |
| 245 10 - MENCIÓN DE TÍTULO |
| Título |
National implementation plan for the Stockholm convention in the Dominican Republic. / : |
| Resto del título |
Plan nacional de la República Dominicana para la implementación del convenio de Estocolmo sobre contaminantes orgánicos persistentes / |
| Mención de responsabilidad, etc. |
presentación Jaime David Fernández Mirabal. |
| 246 10 - FORMA VARIANTE DE TÍTULO |
| Título propio/Titulo breve |
Plan nacional de la República Dominicana para la implementación del convenio de Estocolmo sobre contaminantes orgánicos persistentes |
| 260 ## - PUBLICACIÓN, DISTRIBUCIÓN, ETC. |
| Lugar de publicación, distribución, etc. |
Santo Domingo : |
| Nombre del editor, distribuidor, etc. |
Secretaría de Estado de Medio Ambiente y Recursos Naturales, |
| Fecha de publicación, distribución, etc. |
2009. |
| 300 ## - DESCRIPCIÓN FÍSICA |
| Extensión |
171, 177 p. : |
| Otras características físicas |
il., gráf. ; |
| Dimensiones |
29 cm. |
| 505 0# - NOTA DE CONTENIDO CON FORMATO |
| Título |
Presentación -- |
| -- |
Acrónimos -- |
| -- |
Resumen ejecutivo -- |
| -- |
Introducción -- |
| -- |
Línea -base de la República Dominicana -- |
| -- |
Perfil de país -- |
| -- |
Marco institucional, política y regulaciones -- |
| -- |
Diagnostico de los COP's y de la infraestructura existente en el país, para su gestión -- |
| -- |
Estrategia y planes de acción -- |
| -- |
Declaración política -- |
| -- |
Implementación de la estrategia -- |
| -- |
Actividades del plan nacional de implementación -- |
| -- |
Resumen de las actividades de desarrollo y de construcción de capacidades -- |
| -- |
Cronograma general de implementación PNI y factores de éxito -- |
| -- |
Resumen de los costos y el financiamiento requerido para implementar el PNI -- |
| -- |
Bibliografía consultada -- |
| 563 ## - NOTA DE ENCUADERNACIÓN |
| Nota de encuadernación |
Dos obras con paginación independiente en encuadernación invertida. |
| 700 1# - PUNTO DE ACCESO ADICIONAL--NOMBRE DE PERSONA |
| Nombre de persona |
Fernández Mirabal, Jaime David |
| Fechas asociadas al nombre |
1956- |
| 9 (RLIN) |
20967 |